[Event "45th Olympiad 2024"]
[Site "Budapest HUN"]
[Date "2024.09.18"]
[Round "7.21"]
[Board "1"]
[White "Bjerre, Jonas Buhl"]
[Black "Kantor, Gergely"]
[Result "1-0"]
[WhiteElo "2648"]
[BlackElo "2537"]
[PlyCount "149"]
[EventDate "2024.09.11"]
[WhiteTeam "Denmark"]
[BlackTeam "Hungary C"]
[WhiteTeamCountry "DEN"]

1. c4 Nf6 2. Nc3 e5 3. Nf3 Nc6 4. d3 d5 5. cxd5 Nxd5 6. g3 Be7 7. Nxd5 Qxd5 8. Bg2 O-O ({RR} 8... Be6 9. O-O Qd7 10. Be3 O-O 11. a3 Bd5 12. Rc1 a6 13. Qc2 Rfe8 14. Rfd1 Bd6 15. b4 f6 16. Qb2 Qf7 17. Bc5 Red8 18. e4 Bb3 19. Rd2 Bxc5 20. bxc5 Rab8 21. d4 exd4 22. Nxd4 Nxd4 23. Rxd4 {½-½ Caruana,F (2792)-Karjakin,S (2743) Gashimov Memorial Rapid 7th 2021 (5.3)}) 9. O-O Qe6 $146 ({RR} 9... Bg4 10. h3 Bd7 11. a3 a5 12. Be3 Qb5 13. Qc2 Rfc8 14. Rfc1 Be6 15. Bc5 Bd8 16. a4 Qa6 17. e3 Rab8 18. Bf1 Qa8 19. Nd2 Ne7 20. Bg2 Nd5 21. Ba3 c6 22. Ne4 c5 23. Qd2 b6 24. d4 {1-0 Solmundarson,M-Hansson,D (2320) Reykjavik op 1984 (10)}) ({RR} 9... Qd8 10. Be3 Re8 11. Rc1 Bf6 12. Nd2 Nd4 13. Ne4 Be7 14. Nc5 c6 15. a3 a5 16. Re1 Qb6 17. Bxd4 exd4 18. Qc2 Bg4 19. h3 Bc8 20. b3 Bf8 21. Qc4 Qd8 22. b4 axb4 23. axb4 Re5 24. Rc2 {0-1 Domalchuk-Jonasson,A (2338)-Sorensen,H (2449) 1st Munich Pfingst-Open A 2023 (5.11)}) ({RR} 9... Bg4 10. h3 Bh5 11. Be3 Qd7 12. Kh2 Kh8 13. Rc1 f5 14. Qa4 f4 15. Bc5 Bd6 16. g4 Be8 17. b4 a6 18. Ng5 Qe7 19. Bxd6 cxd6 20. Nf3 Rd8 21. a3 d5 22. Qd1 e4 23. Nd2 Bg6 24. Nb3 {0-1 Tomic,Z (2132)-Majeric,Z (2296) Treber Memorial 3rd 2006 (2.6)}) ({RR} 9... h6 10. a3 a5 11. Be3 Qd6 12. Rc1 Be6 13. Qc2 Bd5 14. Bc5 Qxc5 15. Qxc5 Bxc5 16. Rxc5 Rfd8 17. Rfc1 f6 18. Rb5 Ra7 19. e3 a4 20. Kf1 Bf7 21. Rc3 Rxd3 22. Rxd3 Bc4 23. Rc5 Bxd3+ 24. Ke1 {0-1 Alvarez,P (2104)-Herrera,J (2122) COL-ch sf  Medellin 2010 (5)}) 10. Qc2 Qg6 11. Be3 Bg4 12. a3 a5 13. Rac1 a4 14. Qd2 Qh5 15. Bc5 Bd6 16. Qe3 Ra6 17. Rfe1 h6 18. Nd2 Rd8 19. Bf3 Bxf3 20. Nxf3 Qf5 21. Rc2 Ne7 22. Rec1 Nd5 23. Qe4 Qxe4 24. dxe4 Nf6 25. Bxd6 cxd6 26. Rd1 Ra5 27. Rc4 Rb5 28. Rd2 Ra8 29. Ne1 d5 30. exd5 Nxd5 31. Nd3 Nb6 32. Rc7 Rd8 33. f3 Rd7 34. Rdc2 Rbd5 35. Kf2 f6 36. Rxd7 Nxd7 37. Rc7 b6 38. Ra7 Rd4 39. Rc7 Kf8 40. Ke3 Rd6 41. Ra7 b5 42. Rb7 Nb6 43. Kf2 h5 44. h4 Kg8 45. g4 hxg4 46. fxg4 Kh7 47. Kg3 Nc4 48. Rxb5 e4 49. Nf4 Rb6 50. Rh5+ Kg8 51. Rc5 Rb3+ 52. Kf2 Nxb2 53. g5 fxg5 54. hxg5 Rc3 55. Ra5 Rc6 56. Ra8+ Kf7 57. Ra7+ Kf8 58. Ke3 Nc4+ 59. Kxe4 Nxa3 60. Kd5 Rc8 61. Ng6+ Ke8 62. Rxg7 Nc4 63. Ne7 Kf8 64. Rh7 Ne3+ 65. Ke6 Rc4 66. Rh8+ Kg7 67. Rg8+ Kh7 68. g6+ Kh6 69. Rh8+ Kg5 70. g7 Re4+ 71. Kd7 Rxe7+ 72. Kxe7 Nf5+ 73. Kf8 Nxg7 74. Kxg7 a3 75. Ra8 1-0

[Event "45th Olympiad 2024"]
[Site "Budapest HUN"]
[Date "2024.09.18"]
[Round "7.21"]
[Board "2"]
[White "Krstulovic, Alex"]
[Black "Andersen, Mads"]
[Result "0-1"]
[WhiteElo "2452"]
[BlackElo "2598"]
[PlyCount "74"]
[EventDate "2024.09.11"]
[WhiteTeam "Hungary C"]
[BlackTeam "Denmark"]
[BlackTeamCountry "DEN"]

1. d4 Nf6 2. c4 e6 3. Nc3 d5 4. cxd5 exd5 5. Bg5 Be7 6. e3 h6 7. Bh4 O-O 8. Bd3 c6 9. Nge2 Re8 10. O-O Nbd7 11. a4 Nh5 12. Bxe7 Qxe7 13. a5 Ndf6 14. Nc1 g6 15. Re1 Ng7 16. Qd2 Bf5 17. f3 Rad8 $146 ({RR} 17... c5 18. dxc5 Qxc5 19. Nb3 Qe7 20. Nd4 Bxd3 21. Qxd3 a6 22. Na4 Rac8 23. Nb6 Rc7 24. Rad1 h5 25. Qd2 Qe5 26. b4 Ne6 27. Nxe6 Rxe6 28. Na4 Rec6 29. Nc5 Nd7 30. e4 d4 31. Nd3 Qb5 32. e5 {½-½ Vocaturo,D (2609)-Salem,A (2661) FIDE World Cup 2023 (4.2)}) 18. Nb3 Bxd3 19. Qxd3 h5 20. e4 Qb4 21. Qc2 h4 22. Rad1 Ne6 23. Na2 Qa4 24. e5 Nh5 25. Rd2 Nhg7 26. Nc3 Qb4 27. Nd1 Nf5 28. Qc3 Qb5 29. Nf2 b6 30. Ng4 Kg7 31. Nf6 Rh8 32. Qd3 Qxd3 33. Rxd3 c5 34. dxc5 bxc5 35. Rxd5 Rxd5 36. Nxd5 Rb8 37. Nd2 Rd8 0-1

[Event "45th Olympiad 2024"]
[Site "Budapest HUN"]
[Date "2024.09.18"]
[Round "7.21"]
[Board "3"]
[White "Thybo, Jesper Sondergaard"]
[Black "Juhasz, Agoston"]
[Result "1-0"]
[WhiteElo "2555"]
[BlackElo "2427"]
[PlyCount "65"]
[EventDate "2024.09.11"]
[WhiteTeam "Denmark"]
[BlackTeam "Hungary C"]
[WhiteTeamCountry "DEN"]

1. d4 {ChessBase} Nf6 2. c4 e6 3. Nf3 d5 4. g3 dxc4 5. Bg2 Bd7 6. Ne5 Bc6 7. Nxc6 Nxc6 8. e3 Qd7 9. O-O Rd8 ({RR} 9... O-O-O 10. Nd2 e5 11. Nxc4 exd4 12. exd4 ({RR} 12. Qa4 Nd5) 12... Qe6 13. Qa4 Rxd4 14. b3 Ne4 15. Bb2 Nc5 16. Qxc6 bxc6 17. Bxd4 Ne4 18. Rae1 ({RR} 18. Rfe1 f5 19. f3 Qd7 ({RR} 19... Qd5 20. Rad1)) 18... f5 19. f3 Qd5 20. fxe4 Qxd4+ 21. Kh1 Bb4 22. Rd1 Qc3 23. Rc1 Qd4 24. Rcd1 {½-½ Giri,A (2750)-Harikrishna,P (2726) Biel Suri Memorial 2014 (7)}) 10. Nd2 e5 11. Nxc4 exd4 12. Qb3 $146 ({RR} 12. exd4 Nxd4 13. Re1+ Be7 14. Be3 c5 15. Ne5 Qb5 16. Bf1 Qa5 17. Bxd4 Rxd4 18. Qb3 O-O 19. Nxf7 Rxf7 20. Rxe7 Nd5 21. Rxf7 Kxf7 22. Qxb7+ Kg6 23. Qc6+ Nf6 24. Qf3 Qd2 25. b3 h5 26. h4 a5 {1-0 Skotheim,A (2211)-Martins,B (2347) Titled Tue 23rd Jan Late 2024 (6)}) 12... Rb8 13. Bxc6 Qxc6 14. exd4 Be7 15. Re1 Nd5 16. Ne3 Rd8 17. Bd2 Nxe3 18. Rxe3 Kf8 19. Rc1 Qb6 20. Qxb6 cxb6 21. Rc7 Bf6 22. Bb4+ Kg8 23. Be7 Bxe7 24. Rexe7 Rf8 25. Rxb7 g5 26. Rxa7 h5 27. Re5 Rh6 28. Rxg5+ Kh7 29. h4 Rc6 30. Rxh5+ Kg6 31. Rg5+ Kf6 32. Rg4 Rc2 33. b4 1-0

[Event "45th Olympiad 2024"]
[Site "Budapest HUN"]
[Date "2024.09.18"]
[Round "7.21"]
[Board "4"]
[White "Vanczak, Tamas"]
[Black "Olsen, Filip Boe"]
[Result "1/2-1/2"]
[WhiteElo "2401"]
[BlackElo "2441"]
[PlyCount "117"]
[EventDate "2024.09.11"]
[WhiteTeam "Hungary C"]
[BlackTeam "Denmark"]
[BlackTeamCountry "DEN"]

1. e4 c6 2. d4 d5 3. e5 Bf5 4. h4 h5 5. Bd3 Qd7 ({RR} 5... Bxd3 6. Qxd3 Qa5+ 7. Nd2 e6 8. Ngf3 Qa6 9. c4 Nh6 10. O-O Nd7 11. b3 Nf5 12. a4 Rd8 13. Qc2 Be7 14. Ba3 Bxa3 15. Rxa3 Qb6 16. a5 Nxd4 17. axb6 Nxc2 18. Rxa7 Rb8 19. c5 Nb4 20. Ra4 {1-0 Shirov,A (2668)-Bareev,E (2631) Canadian Open 2023 (8.2)}) 6. Nc3 Bxd3 $146 ({RR} 6... a6 7. Nce2 Bxd3 8. Qxd3 e6 9. Nf3 c5 10. O-O Nc6 11. c3 Qc7 12. Bg5 Nge7 13. Ng3 Ng6 14. Rac1 Be7 15. Qe3 c4 16. Ne2 b5 17. g3 a5 18. Bxe7 Qxe7 19. Ng5 b4 20. f4 bxc3 21. bxc3 {1-0 Vasiesiu,D (2390)-Trifoi,M (2015) Cluj GP Rapid 2024 (6.20)}) ({RR} 6... Na6 7. a3 Nc7 8. Nce2 Nh6 9. Ng3 Bxd3 10. Qxd3 g6 11. Nf3 Rg8 12. Be3 Ng4 13. O-O-O f6 14. Rhe1 O-O-O 15. Kb1 Nxe3 16. Qxe3 Qg4 17. Ne2 Bg7 18. g3 Rgf8 19. exf6 exf6 20. Qd3 Bh6 21. Nc1 {½-½ Carbonell Sancho,M (2299)-Bacallao Alonso,Y (2587) TCh-ESP Div 1 2023 (2.2)}) ({RR} 6... g6 7. Nce2 Nh6 8. Ng3 Bxd3 9. Qxd3 c5 10. dxc5 Nc6 11. Bxh6 Bxh6 12. Nf3 Bf4 13. O-O Nxe5 14. Nxe5 Bxe5 15. Rad1 Rd8 16. c4 Qc7 17. cxd5 Qxc5 18. Rfe1 Bxg3 19. Qxg3 O-O 20. Re5 Qd6 21. Rde1 {½-½ Klabis,R (2420)-Berdayes Ason,D (2509) 47th Sitges Open 2023 (6.2)}) 7. Qxd3 e6 8. Nf3 c5 9. dxc5 Bxc5 10. Be3 Be7 11. Rd1 Nh6 12. Bxh6 Rxh6 13. Ne2 Qc7 14. O-O Nd7 15. Ned4 a6 16. Rfe1 Rc8 17. Qe3 Rh8 18. c4 dxc4 19. Nf5 exf5 20. e6 fxe6 21. Qxe6 Nf8 22. Qxf5 Rh6 23. Rd4 Rf6 24. Qxh5+ g6 25. Qh8 Qb6 26. Rde4 Rc7 27. h5 Rf7 28. hxg6 Rxf3 29. gxf3 Qxg6+ 30. Kf1 Qf7 31. Qe5 Qxf3 32. Kg1 Kd8 33. Qg7 Qf6 34. Qxf6 Bxf6 35. Re8+ Kd7 36. Rxf8 Bxb2 37. Rf7+ Kd6 38. Rxc7 Kxc7 39. Re2 Bh8 40. f4 b5 41. Kf2 Kd6 42. Ke3 b4 43. Rh2 Bf6 44. Rh6 Ke6 45. Ke4 b3 46. axb3 cxb3 47. f5+ Kf7 48. Rh3 b2 49. Rb3 Bc3 50. Rb7+ Kf6 51. Rb6+ Kf7 52. Kd3 Be5 53. Kc2 a5 54. Kb1 Bd4 55. Rd6 Be5 56. Re6 Bd4 57. Re4 Bc3 58. Re3 Bd4 59. Ra3 1/2-1/2

[Event "45th Olympiad 2024"]
[Site "Budapest HUN"]
[Date "2024.09.18"]
[Round "7.22"]
[Board "1"]
[White "Keinanen, Toivo"]
[Black "Peralta, Fernando"]
[Result "1/2-1/2"]
[WhiteElo "2554"]
[BlackElo "2558"]
[PlyCount "86"]
[EventDate "2024.09.11"]
[WhiteTeam "Finland"]
[BlackTeam "Argentina"]
[WhiteTeamCountry "FIN"]
[BlackTeamCountry "ARG"]

1. Nf3 d5 2. d4 Nf6 3. c4 e6 4. g3 Be7 5. Bg2 O-O 6. Qc2 c6 7. O-O b6 8. b3 Nbd7 9. Nbd2 Bb7 10. Bb2 c5 11. cxd5 Bxd5 ({RR} 11... Nxd5 12. Rad1 Rc8 13. Qb1 Qc7 14. e4 N5f6 15. e5 Nd5 16. Ne4 h6 17. Rc1 Qb8 18. Qa1 Nf4 19. gxf4 Bxe4 20. Rfe1 Qb7 21. Nh4 Bxg2 22. Nxg2 cxd4 23. Bxd4 Rxc1 24. Qxc1 Rd8 25. Be3 Nc5 26. Rd1 {1-0 Andreikin,D (2724)-Artemiev,V (2700) Titled Tuesday intern op 22 Mar Late blitz 2022 (11)}) 12. Rac1 $146 ({RR} 12. e4 Bb7 13. Rfd1 Rc8 14. Qd3 cxd4 15. e5 Nd5 16. Qxd4 Qc7 17. Nc4 Qb8 18. Nd6 Bxd6 19. exd6 f6 20. Ng5 Qxd6 21. Nxe6 Qxe6 22. Bxd5 Bxd5 23. Qxd5 Qxd5 24. Rxd5 Nc5 25. Rad1 Rfe8 26. R1d2 Kf7 {½-½ Kouvatsos,F (2159)-Triantos,K (1986) Nikaia op 25th 2017 (6)}) ({RR} 12. e4 Bb7 13. Rac1 Rc8 14. Qb1 cxd4 15. Nxd4 Rxc1 16. Rxc1 Qa8 17. f3 Rd8 18. Nc4 Bc5 19. Kh1 Nb8 20. Rd1 Nc6 21. Nxc6 Bxc6 22. Ne5 Bb7 23. Rxd8+ Qxd8 24. Qd3 Qxd3 {½-½ Vydeslaver,A (2373)-Mordechai,H (2347) TCh-ISR 2024 (2.11)}) ({RR} 12. e4 Bb7 13. Rad1 cxd4 14. Nxd4 Rc8 15. Qb1 Qc7 16. e5 Nd5 17. Nc4 a6 18. Nf5 Bc5 19. Ncd6 Rcd8 20. b4 Bxb4 21. Bxd5 Bxd5 22. Ne7+ Kh8 23. Rd4 Bd2 24. Nxd5 exd5 25. Rxd2 {1-0 Oliva Castaneda,K (2491)-Jaeel,A (2083) Sitges op 44th 2018 (1)}) ({RR} 12. Rad1 Bb7 13. dxc5 Nxc5 14. Nc4 Qc8 15. Nd6 Bxd6 16. Rxd6 Nce4 17. Qxc8 Raxc8 18. Rd4 Rc2 19. Ba3 Rb8 20. Rfd1 h6 21. Ne5 Ra8 22. Rd8+ Rxd8 23. Rxd8+ Kh7 24. Nxf7 Rxa2 25. Bb4 Ra1+ 26. Bf1 Nd5 {0-1 Zong,D (2129)-Leiva,G (2391) PNWCC Online blitz JP 16th 2020 (5)}) 12... Rc8 13. Qb1 cxd4 14. Nxd4 Rxc1 15. Rxc1 Bxg2 16. Kxg2 Qa8+ 17. N2f3 Bc5 18. b4 Bxd4 19. Bxd4 Rc8 20. a4 h6 21. b5 Nd5 22. Rc2 Ne7 23. Qc1 f6 24. e4 e5 25. Be3 Kf8 26. Rc4 Ke8 27. Nd2 Rxc4 28. Qxc4 Qc8 29. Qa2 Qc3 30. Nc4 Qd3 31. f3 f5 32. exf5 Nxf5 33. Bf2 e4 34. fxe4 Qxe4+ 35. Kg1 Qd3 36. Ne5 Nxe5 37. Qe6+ Ne7 38. Qxe5 Qd1+ 39. Kg2 Qxa4 40. Qxg7 Qe4+ 41. Kg1 Qb1+ 42. Kg2 Qe4+ 43. Kg1 Qb1+ 1/2-1/2

[Event "45th Olympiad 2024"]
[Site "Budapest HUN"]
[Date "2024.09.18"]
[Round "7.22"]
[Board "2"]
[White "Krysa, Leandro"]
[Black "Sipila, Vilka"]
[Result "1-0"]
[WhiteElo "2495"]
[BlackElo "2462"]
[PlyCount "101"]
[EventDate "2024.09.11"]
[WhiteTeam "Argentina"]
[BlackTeam "Finland"]
[WhiteTeamCountry "ARG"]
[BlackTeamCountry "FIN"]

1. Nf3 d5 2. g3 g6 3. Bg2 Bg7 4. O-O e5 5. d3 Nc6 6. e4 dxe4 7. dxe4 Qxd1 8. Rxd1 Bg4 9. c3 ({RR} 9. Be3 Nd4 10. Bxd4 exd4 11. Na3 O-O-O 12. h3 Bxf3 13. Bxf3 Ne7 14. Nc4 Nc6 15. Bg4+ Kb8 16. f4 b5 17. Na3 a6 18. Bf3 g5 19. fxg5 d3 20. c3 h6 21. gxh6 Bxh6 22. Rf1 Ne5 23. Rad1 Bf8 {0-1 Caruana,F (2829)-Anand,V (2793) London Classic Elite blitz 6th 2014 (9)}) 9... h6 10. Na3 Nge7 ({RR} 10... Be6 11. Bf1 Nf6 12. Re1 O-O-O 13. Nc4 Nd7 14. b4 Nb6 15. Nxb6+ cxb6 16. a4 a5 17. Be3 Kc7 18. Rec1 Nb8 19. Rab1 Rd6 20. c4 axb4 21. c5 bxc5 22. Bxc5 Rc6 23. Bb5 b3 24. Bxc6 Nxc6 25. a5 {1-0 Gagare,S (2467)-Marrero Rodriguez,J (2219) 43rd Benasque Open 2024 (9.21)}) 11. b4 $146 ({RR} 11. Nc4 Be6 12. Ne3 Rd8 13. Re1 a5 14. Bf1 O-O 15. a4 f5 16. exf5 gxf5 17. Bc4 Bxc4 18. Nxc4 e4 19. Nh4 Kh7 20. Be3 Rd7 21. Rad1 Rfd8 22. Rxd7 Rxd7 23. f3 exf3 24. Kf2 b6 25. Kxf3 Bf6 {1-0 Telljohann,S (2415)-Levin,F (2485) BL2-West 9697 1996 [2]}) 11... O-O 12. Nc4 Be6 13. Bf1 a6 14. a4 Bg4 15. Rd3 Be6 16. Nfd2 h5 17. Ne3 Bh6 18. Nd5 Rfd8 19. Bg2 Bxd5 20. exd5 f5 21. Nb3 Bxc1 22. Rxc1 e4 23. dxc6 Rxd3 24. cxb7 Rb8 25. Bf1 Rd6 26. Nc5 a5 27. bxa5 Nc6 28. a6 Na7 29. Bb5 c6 30. Bc4+ Kf8 31. f3 exf3 32. Kf2 Ke7 33. Re1+ Kd8 34. a5 Rd2+ 35. Kxf3 Kc7 36. Re6 Rc2 37. Ke3 g5 38. Rg6 Re8+ 39. Kd3 Rxh2 40. Rg7+ Kd6 41. Nd7 h4 42. gxh4 Rh3+ 43. Kc2 Rxh4 44. b8=Q+ Rxb8 45. Nxb8 Rxc4 46. Rd7+ Kc5 47. Rxa7 Ra4 48. Rf7 Kd6 49. Rxf5 c5 50. a7 Rxa5 51. Na6 1-0

[Event "45th Olympiad 2024"]
[Site "Budapest HUN"]
[Date "2024.09.18"]
[Round "7.22"]
[Board "3"]
[White "Lahdelma, Henri"]
[Black "Flores, Diego"]
[Result "0-1"]
[WhiteElo "2331"]
[BlackElo "2546"]
[PlyCount "80"]
[EventDate "2024.09.11"]
[WhiteTeam "Finland"]
[BlackTeam "Argentina"]
[WhiteTeamCountry "FIN"]
[BlackTeamCountry "ARG"]

1. d4 Nf6 2. c4 e6 3. Nc3 Bb4 4. e3 O-O 5. Bd3 d5 6. Nf3 c5 7. cxd5 exd5 8. dxc5 Bg4 ({RR} 8... Nbd7 9. a3 Bxc3+ 10. bxc3 Nxc5 11. Bc2 b6 12. O-O Ba6 13. Re1 Rc8 14. Bb2 Re8 15. a4 Nce4 16. Bd3 Bxd3 17. Qxd3 Rc4 18. Nd2 Nxd2 19. Qxd2 Qd7 20. Red1 h6 21. a5 b5 22. a6 Re6 23. Ra5 {0-1 Lahdelma,H (2303)-Madaminov,M (2425) Titled Tuesday intern op 27th Sep Early blitz 2022 (8)}) 9. O-O Bxc3 ({RR} 9... Nbd7 10. Bd2 Rc8 11. Be2 Bxc5 12. Qb3 Bd6 13. Nxd5 Nxd5 14. Qxd5 Ne5 15. Rfd1 Rc2 16. Be1 Rxe2 17. Nxe5 Bxe5 18. Qxe5 Rxe3 19. Qxe3 Bxd1 20. Qxa7 Qd5 21. Bc3 Re8 22. h3 h6 23. Qd4 Qxd4 24. Bxd4 {½-½ Ding,L (2806)-Carlsen,M (2864) Chessable Masters KO rapid 2022 (2.12)}) ({RR} 9... Nbd7 10. Be2 Bxc3 11. bxc3 Nxc5 12. c4 Nce4 13. Bb2 dxc4 14. Bxc4 Bxf3 15. Qxd8 Rfxd8 16. gxf3 Nd2 17. Rfc1 Nxf3+ 18. Kg2 Nh4+ 19. Kg3 Nf5+ 20. Kf4 Rd2 21. f3 Rxb2 22. Kxf5 Rxh2 23. Bb3 Re8 24. e4 {0-1 Sanchez Alvarez,R (2387)-Predke,A (2685) 30th Abu Dhabi Masters 2024 (1.3)}) 10. bxc3 Nbd7 $146 ({RR} 10... Ne4 11. Qc2 Bxf3 12. gxf3 Nf6 13. Rb1 Qc7 14. Qb3 Nbd7 15. Ba3 Rfb8 16. c6 bxc6 17. Qc2 Re8 18. c4 dxc4 19. Bxc4 Nb6 20. Be2 h6 21. Rbc1 Rac8 22. Rfd1 Nfd5 23. Ba6 Qd7 24. Bxc8 Qxc8 25. Qxc6 {1-0 Winter,R (1508)-Legner,J Wellington Easter op 2017 (4)}) 11. h3 Bxf3 12. Qxf3 Nxc5 13. Rd1 Nxd3 14. Rxd3 Rc8 15. a4 Rc4 16. Qd1 Qc7 17. a5 Re8 18. Bb2 h6 19. Rd4 Re4 20. Rxe4 Rxe4 21. Qb3 Qc6 22. Kf1 Rc4 23. f3 Nd7 24. Qc2 Rc5 25. Kf2 Ne5 26. Kg1 Nc4 27. Bc1 Rxa5 28. Rxa5 Nxa5 29. Ba3 Nc4 30. Bc1 a5 31. Kf2 a4 32. Ke2 Qb5 33. Kd1 a3 34. Qa2 Qa4+ 35. Ke2 b5 36. g4 g5 37. Ke1 Qa5 38. Bd2 Qc7 39. f4 Qe7 40. Kf2 Qe4 0-1

[Event "45th Olympiad 2024"]
[Site "Budapest HUN"]
[Date "2024.09.18"]
[Round "7.22"]
[Board "4"]
[White "Sosa, Tomas ARG"]
[Black "Wartiovaara, Oliver"]
[Result "0-1"]
[WhiteElo "2515"]
[BlackElo "2300"]
[PlyCount "93"]
[EventDate "2024.09.11"]
[WhiteTeam "Argentina"]
[BlackTeam "Finland"]
[WhiteTeamCountry "ARG"]
[BlackTeamCountry "FIN"]

1. e4 c5 2. Nc3 d6 3. Nf3 a6 4. g3 e5 ({RR} 4... Bg4 5. h3 Bxf3 6. Qxf3 Nc6 7. Bg2 g6 8. O-O Bg7 9. Ne2 Nf6 10. c3 Nd7 11. Rd1 Nde5 12. Qe3 c4 13. b3 O-O 14. f4 Nd3 15. bxc4 Nxc1 16. Raxc1 Rc8 17. Rb1 Qa5 18. Rxb7 Qxa2 19. d3 {½-½ Firouzja,A (2702)-Carlsen,M (2876) Chess24 Banter Blitz Cup 2019 (7.6)}) 5. Bg2 Nc6 ({RR} 5... g6 6. d3 Nc6 7. Nd2 Nge7 8. Nc4 Bg7 9. h4 h5 10. a4 Bg4 11. f3 Be6 12. Ne3 Bh6 13. Ned5 Bxc1 14. Nf6+ Kf8 15. Qxc1 Kg7 16. Qg5 Nb4 17. Rc1 Nec6 18. Nfd5 Qxg5 19. hxg5 Bxd5 20. Nxd5 {0-1 Tymrakiewicz,R (2136)-Brzezina,P (2295) ch-Malopolska 2024 (3.7)}) 6. O-O g6 7. Nd5 $146 ({RR} 7. d3 Bg7 8. Nd2 Nge7 9. Nc4 O-O 10. f4 b5 11. Ne3 exf4 12. gxf4 Nd4 13. f5 Nec6 14. Ncd5 Ne5 15. f6 Bh8 16. Ne7+ {1-0 Perez Gormaz,M (2413)-Blanco Gramajo,C (2065) Titled Tuesday intern op 19th Jan blitz 2021 (1)}) ({RR} 7. d3 Bg7 8. Bg5 f6 9. Be3 Nge7 10. Nh4 O-O 11. f4 exf4 12. gxf4 f5 13. Nf3 Nd4 14. e5 Ne6 15. Qd2 Rb8 16. Bf2 b5 17. Bh4 dxe5 18. fxe5 Bb7 19. Rae1 h6 20. Bf6 g5 21. Bxg7 Kxg7 {½-½ Borik,O-Middendorf,F NRW-ch Bottrop 1971 (9)}) ({RR} 7. d3 Bg7 {½-½ Riegler,P (2310)-Serdt,S (2302) SLO-chT1 East 2007 (9)}) 7... Bg7 8. c3 Nge7 9. d4 exd4 10. Bg5 h6 11. Bf6 O-O 12. Nxe7+ Nxe7 13. Bxg7 Kxg7 14. cxd4 Bg4 15. dxc5 dxc5 16. Qc2 b6 17. Qc3+ Kh7 18. Ne5 Be6 19. f4 f6 20. Rad1 Qc7 21. Nxg6 Nxg6 22. f5 Rae8 23. Bh3 Bc8 24. fxg6+ Kxg6 25. Bxc8 Qxc8 26. Rf4 Qe6 27. Rd5 Kg7 28. Qd2 Re7 29. Rd6 Qe5 30. Rg4+ Kf7 31. Rh4 Qg5 32. Rf4 Re6 33. Rd5 Re5 34. Rd7+ Re7 35. Qd6 Rfe8 36. e5 f5 37. Qd3 Kg6 38. Rd6+ Kg7 39. Rxf5 Qc1+ 40. Rf1 Qg5 41. Rf5 Qc1+ 42. Kg2 Qxb2+ 43. Kh3 Qxa2 44. Rg6+ Kh8 45. Rxh6+ Kg8 46. Rg5+ Rg7 47. Qh7+ 0-1

[Event "45th Olympiad 2024"]
[Site "Budapest HUN"]
[Date "2024.09.18"]
[Round "7.23"]
[Board "1"]
[White "Schitco, Ivan"]
[Black "Maksimovic, Bojan"]
[Result "1/2-1/2"]
[WhiteElo "2527"]
[BlackElo "2503"]
[PlyCount "121"]
[EventDate "2024.09.11"]
[WhiteTeam "Moldova"]
[BlackTeam "Bosnia & Herzegovina"]
[WhiteTeamCountry "MDA"]
[BlackTeamCountry "BIH"]

1. c4 e5 2. Nc3 Bb4 3. Nd5 Be7 4. d4 d6 5. e4 Nf6 6. Nxe7 Qxe7 7. f3 O-O 8. Ne2 exd4 ({RR} 8... Nh5 9. g4 Qh4+ 10. Kd2 Nf6 11. Qe1 Qh6+ 12. Kc3 Qg6 13. h3 b5 14. cxb5 a6 15. d5 axb5 16. Ng3 c6 17. h4 b4+ 18. Kc2 Nxd5 19. h5 Qe6 20. exd5 cxd5 21. Qxb4 Nc6 22. Qc3 Nd4+ 23. Kd1 {0-1 Srihari,L (2490)-Ter Sahakyan,S (2640) Titled Tue 6th Feb Early 2024 (5)}) 9. Qxd4 Nc6 10. Qc3 Ne5 11. Nf4 $146 ({RR} 11. Be3 a6 12. Nf4 c5 13. Be2 Bd7 14. O-O b5 15. Rfd1 Rfd8 16. b3 b4 17. Qe1 Kh8 18. Qh4 Rg8 19. Nh3 Bxh3 20. Qxh3 g5 21. Qf5 Ne8 22. Rd2 a5 23. a4 Rg6 24. Rad1 Ng7 25. Qh3 Rg8 {1-0 Lenz,A (2220)-Ganaus,H (2245) AUT-chT qual 1998 (1)}) ({RR} 11. Bg5 Re8 12. Qc2 h6 13. Bh4 c6 14. O-O-O d5 15. cxd5 cxd5 16. exd5 Bd7 17. Nc3 Rac8 18. Kb1 b5 19. d6 Qe6 20. Qb3 Qf5+ 21. Ka1 Be6 22. Qxb5 Rb8 23. Bd3 Qh5 24. Qa4 Bd7 25. Qd4 Nc6 {1-0 Kjartansson,G (2503)-Gretarsson,H (2588) ISL-ch Kopavogur 2021 (4)}) 11... Ng6 12. Nxg6 fxg6 13. Be3 b6 14. Be2 Be6 15. O-O Nh5 16. Rf2 Nf4 17. Bf1 g5 18. Re1 Ng6 19. b3 Rae8 20. Qd2 h6 21. Bd4 Qf7 22. g3 Bc8 23. Bc3 Ne5 24. Bg2 Bb7 25. Ref1 Qe7 26. h3 Ng6 27. Kh2 h5 28. f4 h4 29. fxg5 hxg3+ 30. Kxg3 Rxf2 31. Rxf2 Bxe4 32. Re2 d5 33. Bxe4 dxe4 34. Qd5+ Kh7 35. h4 Rd8 36. Qxe4 Qxe4 37. Rxe4 Rd3+ 38. Kg4 Rxc3 39. h5 Nf8 40. Re7 Kg8 41. Rxc7 b5 42. g6 Rc2 43. a4 bxa4 44. bxa4 a6 45. Rc5 Nd7 46. Rc8+ Nf8 47. a5 Ra2 48. Rc5 Nd7 49. Rc8+ Nf8 50. c5 Rxa5 51. Kf5 Ra1 52. Ke5 Rh1 53. c6 Rxh5+ 54. Kd6 Rh1 55. Ra8 Rd1+ 56. Ke7 Re1+ 57. Kd6 Rd1+ 58. Kc5 Rc1+ 59. Kb6 Rb1+ 60. Kc5 Rc1+ 61. Kb6 1/2-1/2

[Event "45th Olympiad 2024"]
[Site "Budapest HUN"]
[Date "2024.09.18"]
[Round "7.23"]
[Board "2"]
[White "Stojanovic, Dalibor"]
[Black "Macovei, Andrei"]
[Result "0-1"]
[WhiteElo "2448"]
[BlackElo "2464"]
[PlyCount "82"]
[EventDate "2024.09.11"]
[WhiteTeam "Bosnia & Herzegovina"]
[BlackTeam "Moldova"]
[WhiteTeamCountry "BIH"]
[BlackTeamCountry "MDA"]

1. e4 e5 2. Nf3 Nc6 3. Bb5 a6 4. Ba4 Nf6 5. O-O d6 6. Bxc6+ bxc6 7. d4 exd4 8. Qxd4 Be7 9. e5 c5 10. Qf4 ({RR} 10. Qd3 Ng4 11. exd6 cxd6 12. c4 Nf6 13. Nc3 h6 14. Bf4 Be6 15. Rad1 Qd7 16. Nd2 O-O 17. Nde4 Rfd8 18. Rfe1 d5 19. Nxf6+ Bxf6 20. cxd5 Bxc3 21. Qxc3 Bxd5 22. Rd3 Qf5 23. Rg3 f6 24. Bxh6 Rd7 {1-0 Kotronias,V (2440)-Gedajlovic,M (2378) FSGM August 2024 (1.2)}) 10... Nh5 $146 ({RR} 10... Nd5 11. Qg3 g6 12. Bh6 Be6 13. Nbd2 Qd7 14. Rfd1 O-O-O 15. c4 Nb4 16. Qf4 d5 17. Nb3 d4 18. a3 Nc6 19. Rac1 Bg4 20. h3 Bxf3 21. Qxf3 Qe6 22. Bf4 g5 23. Bg3 h5 24. Qe2 f6 25. Re1 {0-1 Horspool,P (2028)-Ther,M (1964) BCF-chT2 2021 (4NCL) online 2020 (5.63)}) ({RR} 10... dxe5 11. Nxe5 O-O 12. Nc6 Qd6 13. Nxe7+ Qxe7 14. Nc3 Bb7 15. Be3 Rfe8 16. Qg5 Qe6 17. h3 Qc6 18. f3 h6 19. Qxc5 Nd5 20. Nxd5 Qxd5 21. Qxd5 Bxd5 22. Kf2 Be6 23. Bf4 c5 24. Rfd1 a5 25. Rd2 {1-0 Nakamura,H (2736)-Carlsen,M (2863) Carlsen Tour Final rapid 2020 (2.75)}) 11. Qe3 O-O 12. Nc3 d5 13. Rd1 d4 14. Qe2 Bb7 15. Nxd4 cxd4 16. Qxh5 c5 17. Qg4 f5 18. Qg3 Bh4 19. Qd3 Qc7 20. Ne2 Qxe5 21. Nf4 Rae8 22. Bd2 Qc7 23. Qc4+ Kh8 24. Re1 Re4 25. Rxe4 fxe4 26. g3 Be7 27. Re1 Bd6 28. Qe6 Qc6 29. Qh3 Kg8 30. c4 Bxf4 31. Bxf4 g5 32. Qg4 h6 33. Bxg5 hxg5 34. Qxg5+ Kf7 35. b4 cxb4 36. Qf5+ Qf6 37. Qh7+ Qg7 38. Qf5+ Kg8 39. Qe6+ Kh8 40. Qh3+ Qh7 41. Qe6 Qf5 0-1